| 000 -LEADER |
| fixed length control field |
02185cam a22003494a 4500 |
| 001 - CONTROL NUMBER |
| control field |
16977649 |
| 003 - CONTROL NUMBER IDENTIFIER |
| control field |
OSt |
| 005 - DATE AND TIME OF LATEST TRANSACTION |
| control field |
20170105102908.0 |
| 008 - FIXED-LENGTH DATA ELEMENTS--GENERAL INFORMATION |
| fixed length control field |
110926s2012 nyua b 001 0 eng |
| 010 ## - LIBRARY OF CONGRESS CONTROL NUMBER |
| LC control number |
2011038868 |
| 020 ## - INTERNATIONAL STANDARD BOOK NUMBER |
| International Standard Book Number |
9780415888424 (hardback : acidfree paper) |
| 020 ## - INTERNATIONAL STANDARD BOOK NUMBER |
| International Standard Book Number |
9780203126523 (ebk) |
| 040 ## - CATALOGING SOURCE |
| Original cataloging agency |
DLC |
| Transcribing agency |
DLC |
| Modifying agency |
DLC |
| 042 ## - AUTHENTICATION CODE |
| Authentication code |
pcc |
| 050 00 - LIBRARY OF CONGRESS CALL NUMBER |
| Classification number |
HD9502.A2 |
| Item number |
G677 2012 |
| 082 00 - DEWEY DECIMAL CLASSIFICATION NUMBER |
| Classification number |
333.79 |
| Edition number |
23 |
| Author Mark |
GOV 2005 |
| 245 00 - TITLE STATEMENT |
| Title |
Governing the energy transition : |
| Remainder of title |
reality, illusion or necessity? / |
| Statement of responsibility, etc. |
edited by Geert Verbong, Derk Loorbach. |
| 260 ## - PUBLICATION, DISTRIBUTION, ETC. |
| Place of publication, distribution, etc. |
New York : |
| Name of publisher, distributor, etc. |
Routledge, |
| Date of publication, distribution, etc. |
2012. |
| 300 ## - PHYSICAL DESCRIPTION |
| Extent |
vii, 376 p. : |
| Other physical details |
ill. ; |
| Dimensions |
24 cm. |
| 490 0# - SERIES STATEMENT |
| Series statement |
Routledge studies in sustainability transitions ; |
| Volume/sequential designation |
4 |
| 504 ## - BIBLIOGRAPHY, ETC. NOTE |
| Bibliography, etc. note |
Includes bibliographical references and index. |
| 520 ## - SUMMARY, ETC. |
| Summary, etc. |
"The Energy Transition, the inevitable shift away from cheap, centralized, largely fossil-based energy systems, is one of the core challenges of our time. This book provides a coherent and novel insight into the nature of this challenge and possible strategies to accelerate and guide such transitions. It brings together prominent European scholars and practitioners from the fields of energy transition research and governance to draw attention to the current complex dynamics in the energy domain, and offer elegant and provocative explanations for current crises and lock-ins. They identify multiple energy transition pathways that emerge and increasingly compete, and emphasize the need and possibilities for novel governance. By analysing the complexity of energy transition processes and the difficulties in shifting to sustainable pathways, this text questions the extent to which actually governing energy transitions is already reality, just an illusion, or a bare necessity."-- |
| 650 #0 - SUBJECT ADDED ENTRY--TOPICAL TERM |
| Topical term or geographic name entry element |
Energy consumption. |
| 650 #0 - SUBJECT ADDED ENTRY--TOPICAL TERM |
| Topical term or geographic name entry element |
Energy industries. |
| 650 #0 - SUBJECT ADDED ENTRY--TOPICAL TERM |
| Topical term or geographic name entry element |
Petroleum industry and trade. |
| 650 #0 - SUBJECT ADDED ENTRY--TOPICAL TERM |
| Topical term or geographic name entry element |
Renewable energy sources. |
| 700 1# - ADDED ENTRY--PERSONAL NAME |
| Personal name |
Verbong, Geert. |
| 700 1# - ADDED ENTRY--PERSONAL NAME |
| Personal name |
Loorbach, Derk, |
| Dates associated with a name |
1975- |
| 906 ## - LOCAL DATA ELEMENT F, LDF (RLIN) |
| a |
7 |
| b |
cbc |
| c |
orignew |
| d |
1 |
| e |
ecip |
| f |
20 |
| g |
y-gencatlg |
| 942 ## - ADDED ENTRY ELEMENTS (KOHA) |
| Source of classification or shelving scheme |
|
| Koha item type |
Book |